Countries with Ar on Their Name - Statistics

General Stats
  • This quiz has been taken 46 times
  • The average score is 9 of 17
Answer Stats
Hint Answer % Correct
Country Argentina
89%
Country Armenia
84%
Country Madagascar
71%
Country Barbados
63%
Country Paraguay
61%
Country Saudi Arabia
61%
Country United Arab Emirates
55%
Country Myanmar
53%
Country Antigua and Barbuda
50%
Country Belarus
50%
Country Qatar
50%
Country Bulgaria
45%
Country Marshall Islands
45%
Country Nicaragua
45%
Country Denmark
39%
Country Hungary
37%
Country San Marino
37%
No matching quizzes found
Score Distribution
Percent of People with Each Score
Percentile by Number Answered
Your Score History
You have not taken this quiz